Literatura marroquí en lengua castellana / (Record no. 12823)

MARC details
000 -LEADER
campo de control de longitud fija 00738nam a2200241 i 4500
001 - NÚMERO DE CONTROL
campo de control 12823
003 - IDENTIFICADOR DE NÚMERO DE CONTROL
campo de control ES-MaACL
005 - FECHA Y HORA DE LA ÚLTIMA TRANSACCIÓN
campo de control 20230906150419.0
007 - CAMPO FIJO DE DESCRIPCIÓN FÍSICA--INFORMACIÓN GENERAL
campo de control de longitud fija t|
008 - DATOS DE LONGITUD FIJA--INFORMACIÓN GENERAL
campo de control de longitud fija 970128s1996 sp |||| | spa j
020 ## - NÚMERO INTERNACIONAL ESTÁNDAR DEL LIBRO
Número Internacional Estándar del Libro 84-7560-905-8
080 ## - NÚMERO DE LA CLASIFICACIÓN DECIMAL UNIVERSAL
Número de la Clasificación Decimal Universal 860(64).09
100 1# - ENTRADA PRINCIPAL--NOMBRE DE PERSONA
Nombre de persona Chakor, Mohamed.
9 (RLIN) 37808
245 10 - MENCIÓN DEL TÍTULO
Título Literatura marroquí en lengua castellana /
Mención de responsabilidad, etc. Mohammad Chakor, Sergio Macías.
260 ## - PUBLICACIÓN, DISTRIBUCIÓN, ETC.
Lugar de publicación, distribución, etc. Madrid :
Nombre del editor, distribuidor, etc. Magalia,
Fecha de publicación, distribución, etc. 1996.
300 ## - DESCRIPCIÓN FÍSICA
Extensión 353 p. :
Otras características físicas il. ;
Dimensiones 20 cm.
490 1# - MENCIÓN DE SERIE
Mención de serie Colección reencuentro
650 14 - PUNTO DE ACCESO ADICIONAL DE MATERIA--TÉRMINO DE MATERIA
Término de materia o nombre geográfico como elemento de entrada Literatura marroquí (Español)-
Subdivisión general Historia y crítica.
9 (RLIN) 14636
700 1# - ENTRADA AGREGADA--NOMBRE PERSONAL
Nombre de persona Macías, Sergio.
9 (RLIN) 75215
830 0# - PUNTO DE ACCESO ADICIONAL DE SERIE-TÍTULO UNIFORME
Título uniforme Colección reencuentro
9 (RLIN) 228339
852 ## - LOCALIZACIÓN
Ubicación ES-MaACL
Número de control de estantería L-20161
Holdings
Estatus retirado Estado de pérdida Estado de daño No para préstamo Biblioteca de origen Biblioteca actual Ubicación en estantería Fecha de adquisición Fuente de adquisición Total de préstamos Signatura topográfica completa Código de barras Visto por última vez Precio de reemplazo Tipo de ítem Koha
        Biblioteca del Ateneo de Madrid Biblioteca del Ateneo de Madrid Depósito 2 17/01/2008     L-20161 1013062 23/02/2023 23/02/2023 Libro impreso